Anak gagah kecil

Bibliographic Details
Format: Book
Published: Kuala Lumpur : Penerbitan sinar Suria , 1994
Series:Siri tekun membaca
Subjects:

MARC

LEADER 00000cam a2200000 7i4500
001 0000080423
005 20220105104305.0
008 180812
020 |a 9679273431 
090 0 0 |a JP   |b MAL 
245 0 0 |a Anak gagah kecil   |c disusun oleh Tayuddin Aiman 
260 |a Kuala Lumpur :   |b Penerbitan sinar Suria ,   |c 1994 
490 1 |a Siri tekun membaca 
500 |a Children age 4-6 years old (yellow) 
650 0 |a Junior preschool   |x Malay   |x Languages 
999 |a 0000778682   |b Book   |c Children Collection   |e Cawangan Pontian 
999 |a 0000778683   |b Book   |c Children Collection   |e Cawangan Pontian 
999 |a 0000778684   |b Book   |c Children Collection   |e Cawangan Pontian 
999 |a 0000778685   |b Book   |c Children Collection   |e Cawangan Pontian 
999 |a 0000778686   |b Book   |c Children Collection   |e Cawangan Pontian 
999 |a 0000791855   |b Book   |c Children Collection   |e Cawangan Segamat 
999 |a 0000791858   |b Book   |c Children Collection   |e Cawangan Segamat